000 00309nam a2200097Ia 4500
001 1299416
005 20260417170344.0
008 260417s9999 xx 000 0 und d
245 0 _aDÜNYAYI GEZİYORUM-2 ŞİRİN DİDİŞİRİZ ŞAKACIKTAN YUNANİSTAN
_cBİRSEN EKİM ÖZEN
260 _bTİMAŞ ÇOCUK YAYINLARI
999 _c1299416
_d1299416